000 00574nam a2200229Ia 4500
003 OSt
005 20220918192729.0
006 a|||||r|||| 00| 0
007 ta
008 220917b |||||||| |||| 00| 0 eng d
024 _a69,895
037 _cTextual
040 _aARTS
_cARTS
_beng
041 _2eng
_aeng
082 _aR17, J2
100 _aWisdom John Oulton
_978204
245 0 _aFoundation of inference in natural science
260 _c1952
650 _aPHILOSOPHY
942 _hR17, J2
_cTEXL
_2CC
999 _c196024
_d196024